Principles of macroeconomics / (Record no. 9180)

MARC details
000 -LEADER
fixed length control field 00675cam a22002414a 4500
001 - CONTROL NUMBER
control field 12439516
003 - CONTROL NUMBER IDENTIFIER
control field OSt
005 - DATE AND TIME OF LATEST TRANSACTION
control field 20240712164617.0
008 - FIXED-LENGTH DATA ELEMENTS--GENERAL INFORMATION
fixed length control field 010612s2002 nyua 001 0 eng
010 ## - LIBRARY OF CONGRESS CONTROL NUMBER
LC control number 2001042705
020 ## - INTERNATIONAL STANDARD BOOK NUMBER
International Standard Book Number 0393975193
040 ## - CATALOGING SOURCE
Original cataloging agency DDC
Transcribing agency MUST
082 00 - DEWEY DECIMAL CLASSIFICATION NUMBER
Classification number 339 STI 2002
Edition number 20
100 1# - MAIN ENTRY--PERSONAL NAME
Personal name Stiglitz, Joseph E.
9 (RLIN) 18361
245 10 - TITLE STATEMENT
Title Principles of macroeconomics /
Statement of responsibility, etc. Joseph E. Stiglitz, Carl E. Walsh.
250 ## - EDITION STATEMENT
Edition statement 3rd ed.
260 ## - PUBLICATION, DISTRIBUTION, ETC. (IMPRINT)
Place of publication, distribution, etc. New York :
Name of publisher, distributor, etc. Norton,
Date of publication, distribution, etc. 2002.
300 ## - PHYSICAL DESCRIPTION
Extent xxiii, 501, 20 p. :
Other physical details col. ill. ;
Dimensions 28 cm.
504 ## - BIBLIOGRAPHY, ETC. NOTE
Bibliography, etc Includes index.
650 #0 - SUBJECT ADDED ENTRY--TOPICAL TERM
Topical term or geographic name as entry element Macroeconomics.
9 (RLIN) 7608
700 1# - ADDED ENTRY--PERSONAL NAME
Personal name Walsh, Carl E.
9 (RLIN) 18722
942 ## - ADDED ENTRY ELEMENTS (KOHA)
Source of classification or shelving scheme Dewey Decimal Classification
Koha item type Open Shelf
Holdings
Withdrawn status Lost status Source of classification or shelving scheme Damaged status Not for loan Home library Current library Source of acquisition Inventory number Total Checkouts Full call number Barcode Date last seen Koha item type
    Dewey Decimal Classification     MUST Main Library MUST Main Library Purchase 05/24203   339 STI 2002 2024-21959 12/07/2024 Open Shelf